00430pab a2200157 454500008004000000100001900040245007400059260000900133300001200142362000800154650003000162650002000192650002600212650001800238773001600256180718b2006 xxu||||| |||| 00| 0 eng d aTripathy, K.K. aBharat Nirman: reforming rural economy through quality infrastructure c2006 ap.9-11. aOct aRural development - India aEconomic growth aRural economy - India aRural economy aKurukshetra